000 01149nam a2200217Ia 4500
999 _c40362
_d40362
001 6970
003 GE_BSU
005 20190701164628.0
008 181216s1974||||ge |||||||||||||| ||geo||
040 _c
041 _ageo
080 _a69.035.4(075.8)+624+622 ც-73
100 _aცისკარიშვილი, ე.
_93138
245 _aმიწისქვეშა ნაგებობათა და შახტების მშენებლობის ტექნოლოგია და მექანიზაცია : I ნაწ. /
_cე. ცისკარიშვილი ; რედ : ჩ. გურგენიძე .
245 _c
260 _cთბილისი :
_aგანათლება,
_b1974.
300 _a495 გვ .:
_bცხრ;ნახ.
_c22 სმ.
653 _aმიწისქვეშა ნაგებობათა და შახტების მშენებლობის ტექნოლოგია და მექანიზაცია
700 _aგურგენიძე., ჩ
_eრედაქტორი
_93139
942 _cBK
_2udc